000 00480pab a2200181 454500
008 180718b2007 xxu||||| |||| 00| 0 eng d
100 _aAcemoglu, Daron et al.
245 _aTechnology, information, and the decentralization of the firm
260 _c2007
300 _ap.1759-799.
362 _aNov
650 _aDecentralization
650 _aInformation technology
650 _aEnterprises
773 _aQuarterly Journal of Economics
908 _aN
909 _a76974
999 _c76974
_d76974